Packaging in Germany : August 2012.
| Format: | Book |
|---|---|
| Published: |
London:
Euromonitor International,
2012.
|
| Series: | Market report : August 2012
|
| Subjects: |
| LEADER | 00514cam a2200157 7i4500 | ||
|---|---|---|---|
| 001 | 0000029340 | ||
| 005 | 20130326090000.0 | ||
| 090 | 0 | 0 | |a SR 658.564 |b PAC |
| 245 | 0 | 0 | |a Packaging in Germany : |b August 2012. |
| 260 | 0 | 0 | |a London: |b Euromonitor International, |c 2012. |
| 300 | # | # | |a 86 p. |
| 440 | 0 | 0 | |a Market report : August 2012 |
| 650 | 0 | 0 | |a Packaging -- |x Markets -- |z Germany |
| 651 | 0 | 0 | |a Germany |
| 999 | |a B000033355 |b Book |c Services |e Business Information Centre | ||
| 999 | |a B000032193 |b Book |c Services |e Business Information Centre | ||